Loading...
| Current Events | 3 | 20.00 | 100% | 100% | 0% |
| Fine Arts - Classical Music | 6 | 20.00 | 100% | 67% | 33% |
| Fine Arts - Other Fine Arts | 6 | 16.67 | 100% | 33% | 33% |
| Geography | 3 | 20.00 | 100% | 33% | 67% |
| History - American History | 6 | 23.33 | 100% | 100% | 33% |
| History - European History | 7 | 20.00 | 100% | 71% | 29% |
| History - Other History | 7 | 21.43 | 100% | 86% | 29% |
| History - World History | 7 | 24.29 | 100% | 86% | 57% |
| Literature - American Literature | 7 | 22.86 | 100% | 86% | 43% |
| Literature - British Literature | 5 | 24.00 | 100% | 80% | 60% |
| Literature - European Literature | 8 | 25.00 | 100% | 100% | 50% |
| Literature - World Literature | 8 | 20.00 | 100% | 75% | 25% |
| Mythology | 6 | 23.33 | 100% | 100% | 33% |
| Painting/Sculpture | 7 | 15.71 | 100% | 29% | 29% |
| Philosophy | 8 | 17.50 | 100% | 50% | 25% |
| Pop Culture | 3 | 26.67 | 100% | 100% | 67% |
| Religion | 8 | 17.50 | 100% | 63% | 13% |
| Science - Biology | 5 | 18.00 | 100% | 60% | 20% |
| Science - Chemistry | 7 | 18.57 | 100% | 71% | 14% |
| Science - Other Science | 6 | 13.33 | 83% | 33% | 17% |
| Science - Physics | 5 | 12.00 | 100% | 20% | 0% |
| Social Science | 6 | 11.67 | 100% | 17% | 0% |